00394 2200145 4500001002100000008004100021035002000062245004700082100001800129260003100147300001400178082001600192650002700208990001300235INLIS000000000000992 ind  a0010-0423000992 aLEGENDA RATU LAUT SELATAN (NYI RORO KIDUL) aMB. RAHIMSYAH aSURABAYAbSERBA JAYAc2010 ahlm.ccm. a398.297 287 aCERITA RAKYAT - PANAMA a102388-1